Kongresový cestovný ruch v roku 1999

Prehľad organizovania kongresového cestovného ruchu vo svete v r. 1999. Postavenie kontinentov v kongresovom cestovnom ruchu. Podiel štátov a miest na kongresovom cestovnom ruchu vo svete.

Guardado en:
Detalles Bibliográficos
Formato: Capítulo de libro
Lenguaje:eslovaco
Materias:
Etiquetas: Agregar Etiqueta
Sin Etiquetas, Sea el primero en etiquetar este registro!

MARC

LEADER 00000naa a2200000 4500
001 r040628
005 20230724105554.7
041 0 |a slo 
044 |a SK 
245 1 0 |a Kongresový cestovný ruch v roku 1999 
520 |a Prehľad organizovania kongresového cestovného ruchu vo svete v r. 1999. Postavenie kontinentov v kongresovom cestovnom ruchu. Podiel štátov a miest na kongresovom cestovnom ruchu vo svete. 
610 2 0 |a ruch cestovný kongresový 
610 2 0 |a svet 
610 2 0 |a kongresy 
610 2 0 |a údaje štatistické 
610 2 0 |a 1994-1999